000 00396nam a22001697a 4500
005 20160614144136.0
008 160614b xxu||||| |||| 00| 0 eng d
020 _a81-7188-320-6
041 _aeng
082 _b7470
100 _aArharya, Shakhar
_91899
245 _aIndias Economy
260 _aNew Delhi
_bAcademic Foundation,
300 _a180
650 _aManagement
_9241
942 _cBK
999 _c2674
_d2673